000 01044nam0a22002651 4500
001 rc\4505314
005 20130416174202.9
021 _aRU
_b[68-4782]
035 _a(NLR Aleph) 008615659
090 _a8791144
_c8791144
100 _a20130416d1967 |||y0rusy50 ca
101 0 _arus
102 _aRU
105 _aa z |||||
200 1 _aПоверхностные состояния, поверхностные электроны и их связь с объемными и контактными явлениями
_fЛенингр. гос. Ордена Трудового Красного Знамени пед. ин-т им. А.И. Герцена
210 _aЛенинград
_cИзд-во Ленингр. ун-та
_d1967
215 _a24 с.
_cчерт.
_d20
320 _aБиблиогр. в конце книги
606 _aПоверхностный эффект
_2psbo
700 1 _aКосман
_bМ. С.
801 0 _aRU
_bNLR
_gpsbo
801 1 _aRU
_bELAR
_2rusmarc
852 _aNLR
_j68-4/3185
942 _cBOOK
980 _aNB